LEADER 01488nam a2200325 i 4500 001 000000144208 003 CaOOAMICUS 005 20230111150929.0 008 051024s2005 it u000 u ita u 013 $a119566 020 $a88-399-0813-7 040 $aSeMil$bita 100 1 $aJohnson, Elizabeth A.,$d<1941- >.$0(OLS)http://semarc/name/33523 240 10$aTruly our sister. A theology of Mary in the Communion of Saints.$0(OLS)http://semarc/title/210919 245 10$aVera nostra sorella :$buna teologia di Maria nella comunione dei santi /$cElisabeth Johnson. 260 $aBrescia :$bQueriniana,$c2005. 300 $a627 p. ;$c20 cm. 490 0 $aGiornale di teologia ;$v313 650 4$aDonna - Teologia.$0(OLS)http://semarc/subject/3890 650 4$aMadonna - Studi.$0(OLS)http://semarc/subject/1437 650 4$aMadonna e donna.$0(OLS)http://semarc/subject/19318 700 1 $aSbaffi Girardet, Maria <1926-2011>.$0(OLS)http://semarc/name/20552 830 0$aGiornale di teologia ;$v313.$0(OLS)http://semarc/title/419620 850 $aSeMil 852 $aSeMil$W1$xVenegono$y1$m2M III 713$j97156$B97156$CSeMilBibl$Z2$F104839 $81 961 $aSottoscrizione: Queriniana 996 $6020$a88-399-0813-7$9(OLS)http://semarc/number/132590 996 $6245$aVera nostra sorella :$buna teologia di Maria nella comunione dei santi$9(OLS)http://semarc/title/210918 996 $6260$aBrescia :$bQueriniana$9(OLS)http://semarc/publisher/29615 LEADER 00940nam a2200193 i 4500 001 000000217069 003 CaOOAMICUS 005 20121120000000.0 008 121120s1726 xx u000 u fre u 013 $a195965 026 $anele onse ezai pame (3) 1726 (R) 040 $aSeMil$bita 245 10$aTome 1. Part 2. 300 $a392, [2] p. 500 $aSegn. : A4 B-R12 S2. 773 0 $aLe Courayer, Pierre-François <1681-1776>$tDéfense de la dissertation sur la validité des ordinations des anglois. Contre les differentes réponses qui y ont été faites. Avec les preuves justificatives des faits avancez dans cet ouvrage. Par l'Auteur de la dissertation. Tome 1. [-2.].$dA Bruxelles : Chez Simon T'Serstevens : près les RR. PP. Dominicains, 1726.$g1$w()27675 850 $aSeMil 852 $aSeMil$W1$xVenegono$y1$m2E II 118 FA$j167485$B167485$CSeMilBibl$Z2$F178272 $8I 996 $6245$aTome 1. Part 2$9(OLS)http://semarc/title/311979